00351nam a2200145Ia 4500008004100000041000800041100001000049245005300059260002200112300000900134520001500143520001900158650000900177999001900186230605s2000 xx 000 0 und d aeng aTanke aHuman Resources Management for Hospitality Indu. bDelmar pub.c2000 a446p aHard Board aReference Copy aM.M. c420788d420788